| 000 | | | 04139nmc2a2200000 x 450 |
| 001 | | | 601d3df1-89b0-4b9b-b396-3d8e9da623dc |
| 005 | | | 20170920201326.0 |
| 100 | ## | $a | 20140401l18891890k l0rusy0189 ca |
| 101 | 0# | $a | rus |
| 102 | ## | $a | RU |
| 200 | 1# | $a | Дело о выкупе земельных наделов временнообязанными крестьянами Р.Л. Шатковского, бывшего В.А. Ловейко, сельца Плотки Ливенского уезда Орловской губернии |
| | $j | 12 апреля 1889 г. - 7 августа 1890 г. |
| 251 | ## | $c | Дело |
| 300 | ## | $a | Дело |
| 300 | ## | $a | Ориг. заголовок дела: Дело Ловейко В.А., ныне Шатковского Р.Л., Орловской губернии Ливенского уезда сельца Плотки. 12 апреля 1889 г. - 7 августа 1890 г |
| 801 | #0 | $a | RU |
| | $b | РГИА |
| | $c | 20140401 |
| | $g | RCR |
| 801 | #1 | $a | RU |
| | $b | ГлавНИВЦ |
| | $c | 20140401 |
| | $2 | rusmarc |
| 801 | #2 | $a | RU |
| | $b | ПБ им. Б.Н. Ельцина |
| | $c | 20170920 |
| | $g | RCR |
| | $2 | rusmarc |
| 850 | ## | $a | РГИА |
| 852 | ## | $a | РГИА |
| | $e | Федеральное казенное учреждение "Российский государственный исторический архив" (РГИА) |
| | $j | 1741 |
| 937 | ## | $h | РГИА |
| | $d | 11067773 |
| | $a | ASBIBLIO_SCAN |
| 462 | #0 | $1 | 0012327ab3a-0548-404e-b4cb-e37355ac5039 |
| | $1 | 2001 |
| | $a | 1863-1889 гг. |
| | $1 | 251 |
| | $c | Опись |
| | $1 | 852 |
| | $j | 26 |
| 461 | #0 | $1 | 0018ef30ad5-ff5c-4840-a721-74c62a200f95 |
| | $1 | 2001 |
| | $a | Главное выкупное учреждение Министерства финансов |
| | $1 | 251 |
| | $c | Фонд |
| | $1 | 852 |
| | $j | 577 |
| 215 | ## | $a | 39 л. |
| | $d | 36,5х26 см |
| 371 | ## | $a | Документ не является опубликованным и широко распространяемым |
| 105 | ## | $a | y### |
| 122 | 2# | $a | d |
| 517 | 1# | $a | Дело Ловейко В.А., ныне Шатковского Р.Л., Орловской губернии Ливенского уезда сельца Плотки. 12 апреля 1889 г. - 7 августа 1890 г. |
| 035 | ## | $a | 601d3df1-89b0-4b9b-b396-3d8e9da623dc |
| 856 | ## | $u | http://readingroom.main.prlib.ru/item.aspx?id_node=n105065728&mode=full |